Normal view
MARC view
Entry Personal Name
001 - CONTROL NUMBER
- control field: 87402
003 - CONTROL NUMBER IDENTIFIER
- control field: dpl
005 - DATE AND TIME OF LATEST TRANSACTION
- control field: 20260213171854.0
008 - FIXED-LENGTH DATA ELEMENTS
- fixed length control field: 260213|| aca||aabn | a|a d
040 ## - CATALOGING SOURCE
- Original cataloging agency: dpl
- Transcribing agency: dpl
100 ## - HEADING--PERSONAL NAME
- Personal name: अरोड़ा, सुरेन्द्र कुमार
670 ## - SOURCE DATA FOUND
- Source citation: Work cat.: (dpl)214872: अरोड़ा, सुरेन्द्र कुमार, दीवारें बोलती हैं/, 2022
